[Event "ESP-chT Regional U14"]
[Site "Gijon"]
[Date "2021.06.18"]
[Round "3.3"]
[White "Gimenez Lopez, Irati"]
[Black "Aguirre Mediavilla, Elena"]
[Result "0-1"]
[WhiteElo "1143"]
[BlackElo "1328"]
[PlyCount "66"]
[EventDate "2021.06.17"]
[EventType "team-swiss"]
[EventRounds "6"]
[EventCountry "ESP"]
[SourceTitle "EXT 2022"]
[Source "ChessBase"]
[SourceDate "2021.10.06"]
[SourceVersion "1"]
[SourceVersionDate "2021.10.06"]
[SourceQuality "1"]
[WhiteTeam "Pais Vasco U14"]
[BlackTeam "Cantabria U14"]
[WhiteTeamCountry "ESP"]
[BlackTeamCountry "ESP"]

1. e4 e5 2. Nf3 Nc6 3. Bc4 Bc5 4. c3 Nf6 5. d4 exd4 6. cxd4 Bb4+ 7. Nc3 Nxe4 8. 0-0 Nxc3 9. bxc3 Bxc3 10. Qb3 Bxa1 11. Bxf7+ Kf8 12. Re1 Nxd4 13. Qb4+ Kxf7 14. Ng5+ Kg8 15. Ba3 h6 16. Ne4 d5 17. Ng3 Nc2 18. Qe7 Qxe7 19. Rxe7 Nxa3 20. Rxc7 d4 21. f3 Kh7 22. Kf2 Re8 23. Rc1 Bb2 24. Rd1 Nb5 25. Ne4 Nc3 26. Rxd4 Nxe4+ 27. Rxe4 Rxe4 28. fxe4 Be6 29. Ke3 Bxa2 30. Kd3 Rc8 31. g3 Bb1+ 32. Ke3 Bxe4 33. Kxe4 a5 0-1

[Event "ESP-chT Regional U14"]
[Site "Gijon"]
[Date "2021.06.17"]
[Round "2.3"]
[White "Aguirre Mediavilla, Elena"]
[Black "Iribas Garayoa, Adriana"]
[Result "0-1"]
[WhiteElo "1328"]
[BlackElo "1431"]
[PlyCount "86"]
[EventDate "2021.06.17"]
[EventType "team-swiss"]
[EventRounds "6"]
[EventCountry "ESP"]
[SourceTitle "EXT 2022"]
[Source "ChessBase"]
[SourceDate "2021.10.06"]
[SourceVersion "1"]
[SourceVersionDate "2021.10.06"]
[SourceQuality "1"]
[WhiteTeam "Cantabria U14"]
[BlackTeam "Navarra U14"]
[WhiteTeamCountry "ESP"]
[BlackTeamCountry "ESP"]

1. e4 e5 2. Nf3 Nf6 3. Nc3 Nc6 4. Bc4 Nxe4 5. Nxe4 d5 6. Bb5 dxe4 7. Nxe5 Qd5 8. Nxc6 Qxb5 9. Nd4 Qd5 10. Ne2 Bg4 11. h3 Bh5 12. Nf4 Bxd1 13. Nxd5 0-0-0 14. 0-0 Bxc2 15. Nc3 Bc5 16. a3 Rd6 17. b4 Bb6 18. Re1 Re8 19. Nd1 Bd4 20. Nc3 Rf6 21. Rf1 Bd3 22. Rd1 Rxf2 23. Kh1 Rf1+ 24. Rxf1 Bxf1 25. Bb2 Bd3 26. Na4 Bxb2 27. Nxb2 Rd8 28. Re1 f5 29. Kg1 Rd6 30. Kf2 Bb5 31. Rd1 Ra6 32. Ra1 Rc6 33. Ke3 Rc2 34. Nd1 Rc6 35. Nc3 Bc4 36. b5 Rd6 37. Rd1 Kd7 38. g4 g6 39. gxf5 gxf5 40. Kf4 Ke6 41. a4 Rd3 42. h4 h6 43. Ne2 Rf3# 0-1